MARC

LEADER 00000nam0a2200000 4500
001 366491
005 20251210143627.0
035 |a (RuTPU)RU\TPU\retro\23854 
090 |a 366491 
100 |a 20220209d1979 km y0rusy50 ca 
101 0 |a rus 
102 |a RU 
105 |a y z 000zy 
200 1 |a Статистические алгоритмы обработки геофизических данных  |f Академия наук СССР, Междуведомственный геофизический комитет 
210 |a Москва  |c [Б. и.]  |d 1979 
215 |a 28 с. 
225 1 |a Материалы мирового центра данных Б 
606 1 |a Геофизика  |2 stltpush  |3 (RuTPU)RU\TPU\subj\38590  |9 59017 
610 1 |a геофизические данные 
610 1 |a обработка 
610 1 |a статистические алгоритмы 
610 1 |a факторный анализ 
610 1 |a горные породы 
610 1 |a магнетизм 
675 |a 550.3  |v 4 
712 0 2 |a Академия наук СССР  |b Междуведомственный геофизический комитет  |c Москва  |c 1961-1992  |9 88871 
801 1 |a RU  |b 63413507  |c 20220209 
801 2 |a RU  |b 63413507  |c 20220209  |g RCR 
942 |c BK